[Event "Isle of Man Major op"]
[Site "Isle of Man"]
[Date "2019.10.17"]
[Round "6"]
[White "Mircov, Nicola Alexandru"]
[Black "Alizada, Eldar"]
[Result "1-0"]
[WhiteElo "1698"]
[BlackElo "1946"]
[PlyCount "73"]
[EventDate "2019.10.12"]
[EventType "swiss"]
[EventRounds "7"]
[EventCountry "IOM"]
[SourceTitle "CBM 192 Extra"]
[Source "Chessbase"]
[SourceDate "2019.11.06"]
[SourceVersion "1"]
[SourceVersionDate "2019.11.06"]
[SourceQuality "1"]

1. e4 e6 2. d4 d5 3. e5 c5 4. c3 Nc6 5. Nf3 Qb6 6. a3 c4 7. Nbd2 Na5 8. h4 Bd7 9. g3 Ne7 10. Bh3 Qc7 11. 0-0 h6 12. h5 Nc8 13. Nh4 Nb6 14. f4 Be7 15. Ndf3 Nb3 16. Rb1 Nxc1 17. Rxc1 0-0-0 18. f5 Qc6 19. fxe6 Bxe6 20. Nf5 Bf8 21. N3h4 Kb8 22. Kh2 Rg8 23. Ne3 Be7 24. Bxe6 Qxe6 25. Nef5 Bg5 26. Rc2 Nc8 27. Qg4 Ne7 28. Kh3 g6 29. Nxe7 Qxe7 30. hxg6 Bxh4 31. Qxh4 Qe6+ 32. Kg2 Qxg6 33. Rcf2 Rdf8 34. Rf6 Qg7 35. e6 Re8 36. exf7 Re2+ 37. Kf3 1-0

[Event "Isle of Man Major op"]
[Site "Isle of Man"]
[Date "2019.10.16"]
[Round "5"]
[White "Mircov, Nicola Alexandru"]
[Black "Paul, Nathanael"]
[Result "0-1"]
[WhiteElo "1698"]
[BlackElo "1931"]
[PlyCount "104"]
[EventDate "2019.10.12"]
[EventType "swiss"]
[EventRounds "7"]
[EventCountry "IOM"]
[SourceTitle "CBM 192 Extra"]
[Source "Chessbase"]
[SourceDate "2019.11.06"]
[SourceVersion "1"]
[SourceVersionDate "2019.11.06"]
[SourceQuality "1"]

1. e4 c6 2. d4 d5 3. exd5 cxd5 4. c4 Nf6 5. Nc3 Nc6 6. Nf3 Be6 7. c5 g6 8. Qb3 Qc8 9. Bf4 Bg7 10. Nb5 0-0 11. h3 Qd7 12. Nc7 Nh5 13. Bh2 Rac8 14. g4 Nf6 15. Nxe6 Qxe6+ 16. Qe3 Ne4 17. Be2 b6 18. 0-0 bxc5 19. dxc5 Nxc5 20. Qxe6 Nxe6 21. Rab1 Ncd4 22. Nxd4 Nxd4 23. Ba6 Nf3+ 24. Kg2 Nxh2 25. Kxh2 Rc2 26. Rfe1 e6 27. Re2 Rfc8 28. Rbe1 R8c6 29. Rxc2 Rxc2 30. Re2 Rxb2 31. Rxb2 Bxb2 32. Kg3 Kg7 33. Kf4 Kf6 34. Bb5 g5+ 35. Kg3 e5 36. h4 gxh4+ 37. Kxh4 Bc1 38. Bc6 Ke6 39. Kh5 f6 40. f3 Bg5 41. Ba4 e4 42. fxe4 dxe4 43. Bb3+ Ke5 44. Bg8 e3 45. Bc4 Kd4 46. Bf1 Kc3 47. a4 Kd2 48. a5 e2 49. Bxe2 Kxe2 50. a6 h6 51. Kg6 Kd3 52. Kf5 Kc4 0-1

[Event "Gibraltar Amateur op-B"]
[Site "Caleta"]
[Date "2019.01.28"]
[Round "3"]
[White "Mircov, Nicola Alexandru"]
[Black "Valladolid Martin, Francisco Jose"]
[Result "0-1"]
[WhiteElo "1797"]
[BlackElo "1878"]
[PlyCount "122"]
[EventDate "2019.01.26"]
[EventType "swiss"]
[EventRounds "5"]
[EventCountry "GGB"]
[SourceTitle "CBM 188 Extra"]
[Source "ChessBase"]
[SourceDate "2019.02.26"]
[SourceVersion "1"]
[SourceVersionDate "2019.02.26"]
[SourceQuality "1"]

1. e4 e5 2. Nf3 Nc6 3. Bc4 Bc5 4. c3 Nf6 5. d4 exd4 6. e5 d5 7. Bb5 Ne4 8. cxd4 Bb6 9. Be3 0-0 10. Nc3 Ba5 11. Qb3 f6 12. 0-0-0 Bxc3 13. bxc3 Na5 14. Qc2 Qe7 15. Kb1 Bf5 16. Bd3 Qa3 17. Ka1 fxe5 18. Nh4 Qxc3+ 19. Qxc3 Nxc3 20. Bxf5 Nxd1 21. Be6+ Kh8 22. Rxd1 c6 23. dxe5 Rae8 24. Bc5 Rf4 25. Bd7 Rxe5 26. Bd6 Nc4 27. Bxe5 Nxe5 28. g3 Rxf2 29. Bc8 g6 30. h3 Kg7 31. g4 Kf6 32. Bxb7 Kg5 33. Re1 Nd3 34. Rd1 Nb4 35. Nxg6 hxg6 36. Kb1 Nxa2 37. h4+ Kxh4 38. Rh1+ Kxg4 39. Bxc6 Nc3+ 40. Kc1 g5 41. Rh7 a5 42. Ra7 a4 43. Bxa4 Nxa4 44. Rxa4+ Kf3 45. Kd1 Rf1+ 46. Kd2 Rf2+ 47. Ke1 Rb2 48. Rd4 Rb5 49. Ra4 g4 50. Ra3+ Ke4 51. Kf2 d4 52. Kg3 Rg5 53. Ra8 Ke3 54. Re8+ Kd2 55. Ra8 d3 56. Ra2+ Ke3 57. Ra3 Ke2 58. Kf4 Rg8 59. Ra4 Re8 60. Kxg4 d2 61. Ra2 Ke1 0-1

[Event "London CSC 5-Day U2050 op 10th"]
[Site "London"]
[Date "2018.12.12"]
[Round "4"]
[White "Bird, Joel"]
[Black "Mircov, Nicola Alexandru"]
[Result "1-0"]
[WhiteElo "1938"]
[BlackElo "1725"]
[PlyCount "107"]
[EventDate "2018.12.09"]
[EventType "swiss"]
[EventRounds "5"]
[EventCountry "ENG"]
[SourceTitle "EXT 2020"]
[Source "ChessBase"]
[SourceDate "2019.10.17"]
[SourceVersion "1"]
[SourceVersionDate "2019.10.17"]
[SourceQuality "1"]

1. e4 c5 2. Nf3 e6 3. b3 d5 4. exd5 Qxd5 5. Nc3 Qd8 6. Bb5+ Bd7 7. Bxd7+ Qxd7 8. 0-0 Nc6 9. Bb2 Nf6 10. d3 0-0-0 11. Re1 Rg8 12. Qe2 Nd4 13. Nxd4 cxd4 14. Ne4 Qc6 15. c3 dxc3 16. Bxc3 Qd5 17. Rad1 Kb8 18. Qe3 Ka8 19. Qg5 h6 20. Qe5 Qxe5 21. Bxe5 Nd5 22. Nc3 Nb4 23. Re4 Be7 24. d4 a6 25. Re2 Rd7 26. Red2 Nc6 27. Bf4 Bb4 28. Rd3 Bxc3 29. Rxc3 Nxd4 30. Kf1 f6 31. Be3 Rgd8 32. Bxd4 Rxd4 33. Rxd4 Rxd4 34. Rc8+ Ka7 35. Rc7 Rd2 36. Rxg7 Rxa2 37. Rg6 Rb2 38. Rxf6 Rxb3 39. Rxe6 a5 40. g4 a4 41. Kg2 a3 42. Re1 Kb6 43. f4 Kc5 44. g5 Rb6 45. h4 Ra6 46. h5 b5 47. g6 b4 48. f5 a2 49. g7 Ra8 50. f6 Rg8 51. Kf2 b3 52. f7 b2 53. f8Q+ Rxf8+ 54. gxf8Q+ 1-0

[Event "ROM-chT2"]
[Site "Gilau"]
[Date "2018.10.14"]
[Round "8.5"]
[White "Mircov, Nicola Alexandru"]
[Black "Ferentiu, Raul Florin"]
[Result "1/2-1/2"]
[WhiteElo "1832"]
[BlackElo "1549"]
[PlyCount "36"]
[EventDate "2018.10.07"]
[EventType "team-swiss"]
[EventRounds "9"]
[EventCountry "ROU"]
[SourceTitle "CBM 189 Extra"]
[Source "ChessBase"]
[SourceDate "2019.06.03"]
[SourceVersion "1"]
[SourceVersionDate "2019.06.03"]
[SourceQuality "1"]
[WhiteTeam "Arad"]
[BlackTeam "Cluj Viitorul"]
[WhiteTeamCountry "ROU"]
[BlackTeamCountry "ROU"]

1. e4 c5 2. Nf3 e6 3. d4 cxd4 4. Nxd4 a6 5. Bd3 Nc6 6. Nxc6 bxc6 7. 0-0 d5 8. exd5 cxd5 9. c4 dxc4 10. Qa4+ Bd7 11. Qxc4 Bb5 12. Qe4 Bxd3 13. Qc6+ Ke7 14. Qc5+ Ke8 15. Qc6+ Ke7 16. Qb7+ Ke8 17. Qc6+ Ke7 18. Qc5+ Ke8 1/2-1/2

[Event "Gibraltar Amateur op-B"]
[Site "Caleta"]
[Date "2018.01.30"]
[Round "4"]
[White "Obiamiwe, Paul"]
[Black "Mircov, Nicola Alexandru"]
[Result "1/2-1/2"]
[WhiteElo "1891"]
[BlackElo "1754"]
[PlyCount "92"]
[EventDate "2018.01.27"]
[EventType "swiss"]
[EventRounds "5"]
[EventCountry "GGB"]
[SourceTitle "EXT 2019"]
[Source "ChessBase"]
[SourceDate "2018.10.10"]
[SourceVersion "1"]
[SourceVersionDate "2018.10.10"]
[SourceQuality "1"]

1. Nf3 d5 2. d4 c5 3. c4 e6 4. cxd5 exd5 5. Nc3 Nf6 6. g3 Nc6 7. Bg2 Be7 8. 0-0 0-0 9. Bg5 c4 10. Ne5 Be6 11. h3 Nd7 12. Bxe7 Nxe7 13. Nf3 Nf6 14. Ng5 Bf5 15. Rc1 h6 16. Nf3 b5 17. a3 Rb8 18. Nd2 Nc6 19. e3 a5 20. Qf3 Ne7 21. Rfd1 Qd7 22. Kh2 b4 23. axb4 Rxb4 24. Nxd5 Nexd5 25. e4 Be6 26. exd5 Bxd5 27. Qa3 Bxg2 28. Kxg2 Qxd4 29. Qxa5 Rxb2 30. Rxc4 Qd3 31. Rcc1 Qd4 32. Rc4 Qd3 33. Rcc1 Qe2 34. Qc3 Rfb8 35. Qd4 R8b4 36. Rc8+ Kh7 37. Nc4 Ne4 38. Rf1 Nd2 39. Rc1 Qf3+ 40. Kg1 Nxc4 41. R8xc4 Rxc4 42. Qxb2 Re4 43. Qc2 g6 44. Qc3 Qf5 45. Ra1 Qe5 46. Qxe5 Rxe5 1/2-1/2

[Event "London Classic op U2050 9th"]
[Site "London"]
[Date "2017.12.04"]
[Round "1"]
[White "Staples, Daniel J"]
[Black "Mircov, Nicola Alexandru"]
[Result "1-0"]
[WhiteElo "1997"]
[BlackElo "1794"]
[PlyCount "127"]
[EventDate "2017.12.04"]
[EventType "swiss"]
[EventRounds "5"]
[EventCountry "ENG"]
[SourceTitle "CBM 182 Extra"]
[Source "ChessBase"]
[SourceDate "2018.02.23"]
[SourceVersion "1"]
[SourceVersionDate "2018.02.23"]
[SourceQuality "1"]

1. d4 c5 2. d5 e6 3. Nc3 exd5 4. Nxd5 Nc6 5. Bd2 Nf6 6. Nxf6+ Qxf6 7. Bc3 Qe6 8. Nh3 Ne7 9. e3 d5 10. Nf4 Qd6 11. Bc4 Be6 12. Nxe6 Qxe6 13. Bb5+ Nc6 14. Qf3 0-0-0 15. Bxc6 bxc6 16. 0-0-0 f5 17. h4 Rd7 18. h5 Rg8 19. Rh4 c4 20. Rf4 g6 21. g4 Rf7 22. Rg1 gxh5 23. g5 Bg7 24. Bxg7 Rgxg7 25. Qxh5 Qg6 26. Rh4 Re7 27. Kd2 Re4 28. Qxg6 hxg6 29. Rxe4 fxe4 30. Rg4 Rh7 31. Rf4 Rh5 32. Rf6 Rxg5 33. Rxc6+ Kb7 34. Rf6 Rg1 35. Rd6 Rg5 36. Kc3 Kc7 37. Ra6 Kb7 38. Rf6 Rg1 39. a4 g5 40. Rg6 g4 41. b4 Rg2 42. Rf6 g3 43. fxg3 Rxg3 44. Kd4 Rg2 45. Kxd5 Rxc2 46. Rf7+ Kb6 47. Kxe4 Rb2 48. Rf6+ Kb7 49. b5 Ra2 50. Ra6 c3 51. Kd3 c2 52. Kd2 Ra3 53. e4 Rc3 54. Kc1 Rc5 55. Rc6 Rxc6 56. bxc6+ Kxc6 57. Kxc2 Kd6 58. Kd3 Ke5 59. a5 Ke6 60. Kd4 Kd6 61. a6 Ke6 62. Kc5 Kd7 63. Kd5 Ke7 64. Kc6 1-0

[Event "Arad op 10th"]
[Site "Arad"]
[Date "2017.08.06"]
[Round "1"]
[White "Vrencian, Lehel"]
[Black "Mircov, Nicola Alexandru"]
[Result "1/2-1/2"]
[WhiteElo "2336"]
[BlackElo "1849"]
[PlyCount "128"]
[EventDate "2017.08.06"]
[EventType "swiss"]
[EventRounds "9"]
[EventCountry "ROU"]
[SourceTitle "CBM 179 Extra"]
[Source "ChessBase"]
[SourceDate "2017.08.23"]
[SourceVersion "1"]
[SourceVersionDate "2017.08.23"]
[SourceQuality "1"]

1. d4 c5 2. d5 e6 3. Nc3 exd5 4. Nxd5 Nc6 5. Nf3 d6 6. e4 Nf6 7. Bc4 Be7 8. Ng5 Ne5 9. Bb5+ Bd7 10. Bxd7+ Qxd7 11. Bf4 Ng6 12. 0-0 Nxf4 13. Nxf4 h6 14. Nf3 Nxe4 15. Nd5 Nf6 16. Re1 Nxd5 17. Qxd5 0-0 18. Rad1 Rfd8 19. Nd2 Bf8 20. Ne4 Qc6 21. c4 Qxd5 22. Rxd5 Re8 23. f3 Rac8 24. Re3 Re5 25. Rxe5 dxe5 26. Rd3 Rc7 27. Rd8 b6 28. g4 Rb7 29. Kf2 g6 30. Nd6 Re7 31. Ke3 Re6 32. Nb5 f5 33. Nxa7 e4 34. gxf5 gxf5 35. f4 Kf7 36. Rd5 Kg6 37. Nb5 Bg7 38. b3 Bb2 39. Rd1 Kh5 40. Rf1 Kg4 41. a4 Bd4+ 42. Ke2 Kh3 43. Rd1 Rg6 44. Nxd4 cxd4 45. Rxd4 Rg2+ 46. Ke3 Rb2 47. Rd5 Rxb3+ 48. Ke2 Kg4 49. Rb5 Ra3 50. Rxb6 h5 51. Rb2 Kxf4 52. Rc2 Rxa4 53. c5 Ra7 54. c6 Rc7 55. Rc5 h4 56. Kf2 Kg4 57. Ke3 Kh3 58. Rc2 Kg4 59. Rg2+ Kh5 60. Rc2 Kg4 61. Rc5 Kh3 62. Rc2 Kg4 63. Rg2+ Kh3 64. Rc2 Kg4 1/2-1/2

[Event "Gibraltar Challengers-B 14th"]
[Site "Caleta"]
[Date "2016.02.03"]
[Round "5"]
[White "Maloberti, David"]
[Black "Mircov, Nicola Alexandru"]
[Result "1-0"]
[WhiteElo "2006"]
[BlackElo "1944"]
[PlyCount "103"]
[EventDate "2016.01.30"]
[EventType "swiss"]
[EventRounds "5"]
[EventCountry "GGB"]
[SourceTitle "CBM 170 Extra"]
[Source "ChessBase"]
[SourceDate "2016.02.25"]
[SourceVersion "1"]
[SourceVersionDate "2016.02.25"]
[SourceQuality "1"]

1. d4 d5 2. c4 e6 3. Nf3 c5 4. cxd5 exd5 5. Nc3 Nf6 6. Bg5 Be7 7. e3 Nc6 8. dxc5 0-0 9. Be2 Bxc5 10. 0-0 Be6 11. Nb5 Rc8 12. Rc1 Be7 13. Nbd4 Bd7 14. h3 h6 15. Bf4 Qa5 16. a3 Nxd4 17. Nxd4 Rxc1 18. Qxc1 Rc8 19. Qb1 Ne4 20. Rc1 Qd2 21. Rxc8+ Bxc8 22. Qc2 Qe1+ 23. Bf1 Be6 24. Nf3 Qa1 25. Be5 Bf6 26. Bxf6 Nxf6 27. Nd4 Ne4 28. g4 h5 29. Nxe6 fxe6 30. Qc8+ Kh7 31. Qxe6 Nd2 32. Qf5+ g6 33. Qd3 Nf3+ 34. Kh1 hxg4 35. hxg4 Qxb2 36. Qe2 Qxe2 37. Bxe2 Nd2 38. Kg2 Nb1 39. Bf3 Nxa3 40. Bxd5 b5 41. Kf1 Nb1 42. Ke1 a5 43. f4 a4 44. e4 b4 45. e5 a3 46. e6 Kg7 47. f5 Nc3 48. e7 Nxd5 49. e8Q a2 50. Qe5+ Kf8 51. Qd6+ Kf7 52. Qxd5+ 1-0

[Event "Gibraltar Challengers-B 14th"]
[Site "Caleta"]
[Date "2016.01.31"]
[Round "2"]
[White "Mircov, Nicola Alexandru"]
[Black "Jameson, David"]
[Result "0-1"]
[WhiteElo "1944"]
[BlackElo "2095"]
[PlyCount "70"]
[EventDate "2016.01.30"]
[EventType "swiss"]
[EventRounds "5"]
[EventCountry "GGB"]
[SourceTitle "CBM 170 Extra"]
[Source "ChessBase"]
[SourceDate "2016.02.25"]
[SourceVersion "1"]
[SourceVersionDate "2016.02.25"]
[SourceQuality "1"]

1. e4 e5 2. Nf3 Nc6 3. Bc4 Bc5 4. c3 Nf6 5. d4 exd4 6. e5 d5 7. Bb5 Ne4 8. cxd4 Bb6 9. Be3 0-0 10. Nc3 Bg4 11. h3 Bxf3 12. gxf3 Nxc3 13. bxc3 Ba5 14. Qc2 Ne7 15. Bd3 g6 16. 0-0-0 c5 17. dxc5 Qc7 18. f4 b6 19. cxb6 axb6 20. Kb2 Bxc3+ 21. Kb1 Rfc8 22. Qb3 d4 23. Bc1 Ra5 24. Ba3 Nd5 25. Bd6 Qc6 26. f5 Nf4 27. fxg6 hxg6 28. Rhg1 Kg7 29. a3 Nxd3 30. Rxd3 Rb5 31. Bb4 Bxb4 32. axb4 Rxb4 33. Qxb4 Qc2+ 34. Ka1 Qxd3 35. Qxb6 Ra8+ 0-1